Lost Character Picture Quiz - Statistics

General Stats
  • This quiz has been taken 101 times
  • The average score is 14 of 16
Answer Stats
Picture Answer % Correct
Jack Shepherd
98%
Hugo "Hurley" Reyes
97%
John Locke
96%
James "Sawyer" Ford
94%
Kate Austen
93%
Charlie Pace
92%
Sayid Jarrah
91%
Jin-Soo Kwon
89%
Sun-Hwa Kwon
89%
Ben Linus
88%
Claire Littleton
88%
Desmond Hume
87%
Michael Dawson
80%
Walt Lloyd
79%
Juliet Burke
76%
Daniel Faraday
72%
No matching quizzes found
Score Distribution
Percent of People with Each Score
Percentile by Number Answered
Your Score History
You have not taken this quiz